E-komunikácia ako súčasť marketingovej komunikácie

Salvato in:
Dettagli Bibliografici
Autore principale: Juriková, Benita, 1973-
Natura: Capitolo di libro
Lingua:slovacco
Tags: Aggiungi Tag
Nessun Tag, puoi essere il primo ad aggiungerne!!

MARC

LEADER 00000naa$a2200000$$$4500
001 0127171
005 20240502072441.5
041 0 |a slo 
044 |a SK 
245 1 0 |a E-komunikácia ako súčasť marketingovej komunikácie  |c Benita Juriková 
100 1 |a Juriková, Benita, 1973-